LEADER 00959nam2-22003611i-450- 001 990001488840403321 010 $a1-57146-002-0 035 $a000148884 035 $aFED01000148884 035 $a(Aleph)000148884FED01 035 $a000148884 100 $a20020117d1997----km-y0itay50------ba 101 0 $aeng 102 $aUS 105 $aa---a---001yy 200 1 $aLectures on harmonic maps$fR. Schoen, S.T. Yau$vVol. 2 210 $aCambridge, MA$cInternational Press$dc1997 215 $a394 p.$cill.$d26 cm 461 1$1001000148881 610 0 $aMappe armoniche 676 $a514.74$v21 700 1$aSchoen,$bRichard M.$032202 701 1$aYau,$bShing-Tung$0345838 801 0$aIT$bUNINA$gRICA$2UNIMARC 901 $aBK 912 $a990001488840403321 952 $aMAI-53-015$b18757$fMA1 959 $aMA1 962 $a53-02 962 $a58E20 962 $a53C42 996 $aLectures on harmonic maps$9377944 997 $aUNINA LEADER 01250nam0 22003011i 450 001 UON00380032 005 20231205104522.598 010 $a27-08-40777-5 100 $a20100412d2006 |0itac50 ba 101 $afre 102 $aFR 105 $a|||| ||||| 200 1 $aˆL'‰Architecture romaine$edu début du III siécle av. J.-C. à la fin du Haut- Empire. 2.: Maisons, palais , villas et tombeaux$fPierre Gros 205 $a2. ed. revue et mise à jour 210 $aParis$cPicard$d2006 215 $a527 p.$cill.$d28 cm 410 1$1001UON00087878$12001 $aˆLes ‰Manuels d'art et d'archéologie antiques$fCollection dirigée par Gérard Nicolini 606 $aArchitettura romana$3UONC028360$2FI 620 $aFR$dParis$3UONL002984 676 $a722.7$cARCHITETTURA ROMANA$v21 700 1$aGROS$bPierre$3UONV058770$024148 712 $aPicard$3UONV252625$4650 801 $aIT$bSOL$c20250620$gRICA 899 $aSIBA - SISTEMA BIBLIOTECARIO DI ATENEO$2UONSI 912 $aUON00380032 950 $aSIBA - SISTEMA BIBLIOTECARIO DI ATENEO$dSI H 161 002 BIS $eSI MC 33128 7 BIS $sTesto d'esame 996 $aArchitecture romaine$9469847 997 $aUNIOR